|
|
|
|
| LEADER |
00000ckm a2200000 a 4500 |
| 001 |
vtls011785494 |
| 003 |
SK-MaSNL |
| 005 |
20260302054829.0 |
| 007 |
kf ao |
| 008 |
230706q1898 xo g 0kuhun |
| 015 |
|
|
|a SNBG1898
|
| 035 |
|
|
|a urn:nbn:sk:snk-km00dpq5
|
| 035 |
|
|
|a urn:nbn:sk:snk-km3lxko
|
| 035 |
|
|
|a 03500FBA-A873-4F36-8224-2B94101DD9D5
|
| 040 |
|
|
|a SNK
|b slo
|c SNK
|e AACR2
|
| 041 |
0 |
|
|a hun
|
| 043 |
|
|
|a e-xo---
|
| 044 |
|
|
|a xo
|c SK
|
| 072 |
|
7 |
|a 913
|x Regionálna geografia
|2 konspekt
|
| 080 |
|
|
|a 913(437.6)
|2 2011
|
| 080 |
|
|
|a 94(084.121)
|2 2011
|
| 080 |
|
|
|a 726.597
|2 2011
|
| 080 |
|
|
|a 27-788-732.4
|2 2011
|
| 080 |
|
|
|a 728.82
|2 2011
|
| 080 |
|
|
|a 728.81
|2 2011
|
| 080 |
|
|
|a 904:72/7.025.21
|2 2011
|
| 080 |
|
|
|a 711.61
|2 2011
|
| 080 |
|
|
|a 726:2-523.6
|2 2011
|
| 080 |
|
|
|a 904(084.121)
|2 2011
|
| 245 |
0 |
0 |
|a Üdvözlet Szepesváraljaról
|h grafika
|b Jrqalmasok : Szepesváralja : Püspöki Székhely : Szepesi vár
|
| 260 |
|
|
|a Szepesváralján
|b Szoller Geza
|c [1898?]
|
| 300 |
|
|
|a 1 pohľadnica (4 čiastkové pohľady)
|b tónovaná do modra
|c 10 x 14 cm
|
| 500 |
|
|
|a Názvové údaje prevzaté z obrazovej časti pohľadnice
|
| 520 |
8 |
|
|a Zobrazenie: Na bielom podklade orámované pohľady na kláštor, námestie s kostolom, kapitulu a zrúcaninu hradu. Okolie pohľadov je dekorované kvetmi, halúzkami a stromami. V pravom dolnej časti je miesto na správu
|
| 610 |
2 |
7 |
|a Katedrála sv. Martina (Spišská Kapitula, Spišské Podhradie, Slovensko)
|2 SNKKA
|9 36247
|
| 610 |
2 |
7 |
|a Spišský hrad (Žehra, Slovensko)
|2 SNKKA
|9 55722
|
| 650 |
0 |
7 |
|a hrady
|2 SNKPH
|9 3039
|
| 650 |
0 |
7 |
|a zámky
|2 SNKPH
|9 3041
|
| 650 |
0 |
7 |
|a kapituly
|2 SNKPH
|9 83326
|
| 650 |
0 |
7 |
|a zrúcaniny historických objektov
|2 SNKPH
|9 105150
|
| 650 |
0 |
7 |
|a katedrály
|2 SNKPH
|9 3032
|
| 650 |
0 |
7 |
|a námestia
|2 SNKPH
|9 26291
|
| 650 |
0 |
7 |
|a kláštory
|2 SNKPH
|9 3024
|
| 651 |
|
7 |
|a Spišské Podhradie (Slovensko)
|2 SNKPHgeo
|9 26697
|
| 655 |
|
7 |
|a miestne pohľadnice
|2 SNKPH
|9 70510
|
| 655 |
|
7 |
|a historické pohľadnice
|2 SNKPH
|9 159703
|
| 655 |
|
7 |
|a pohľadnice kultúrnych pamiatok
|2 SNKPH
|9 70523
|
| 752 |
|
|
|a Slovensko
|d Spišské Podhradie
|
| 852 |
|
|
|a Slovenská národná knižnica
|
| 958 |
|
|
|a GBN
|
| 958 |
|
|
|a GC
|
| 958 |
|
|
|a ONDV
|
| 999 |
|
|
|c 1114913
|d 1116843
|
| 952 |
|
|
|a SNK
|b SNK
|y PREZ
|7 0
|p 17A1223517
|o snkSP 22682
|z Pohľadnica prešla poštou.
|0 0
|1 0
|4 0
|d 2018-10-16
|f 1
|l 0
|r 2026-02-24 18:13:09
|w 2026-02-24
|